| 000 | 00632nam a22001937a 4500 | ||
|---|---|---|---|
| 005 | 20260213121221.0 | ||
| 008 | s2538 th tha d | ||
| 041 | _atha | ||
| 050 | _aAC159 อ893ฝ 2538 | ||
| 100 | 0 |
_aเอนก นาวิกมูล _96929 |
|
| 245 | 1 | 0 | _aฝรั่งเขียนไทย |
| 260 | 3 |
_aกรุงเทพฯ : _bแสงแดด, _c2538 |
|
| 300 |
_a168 หน้า : _b ภาพประกอบ ; _c 21 ซม. |
||
| 650 | 0 | 4 |
_aความรู้ทั่วไป _97244 |
| 850 | _aNALT | ||
| 942 |
_cGB _01 |
||
| 997 | _c000000000005555 | ||
| 998 |
_aSOPAPORN _j111 _k นางสาวพจพิณ พรมเอี่ยม |
||
| 999 |
_c5555 _d5555 |
||